Normal view
MARC view
- C.E.Browning
Entry Personal Name
001 - CONTROL NUMBER
- control field: 125040
003 - CONTROL NUMBER IDENTIFIER
- control field: NUST
005 - DATE AND TIME OF LATEST TRANSACTION
- control field: 20240806122505.0
008 - FIXED-LENGTH DATA ELEMENTS
- fixed length control field: 240806|| aca||aabn | a|a d
040 ## - CATALOGING SOURCE
- Original cataloging agency: NUST
- Transcribing agency: NUST
100 ## - HEADING--PERSONAL NAME
- Personal name: C.E.Browning
670 ## - SOURCE DATA FOUND
- Source citation: Work cat.: (NUST): C.E.Browning, Composite Materials: Quality Assurance And Processing, 1983.
